[Event "TUR-chT 2nd League"]
[Site "Denizli"]
[Date "2023.07.14"]
[Round "8.114"]
[White "Senkal, Defne"]
[Black "Demirag, Gokhan"]
[Result "0-1"]
[WhiteElo "1440"]
[BlackElo "1901"]
[PlyCount "108"]
[EventDate "2023.07.09"]
[EventType "team-swiss"]
[EventRounds "9"]
[EventCountry "TUR"]
[SourceTitle "CBM 215 Extra"]
[Source "ChessBase"]
[SourceDate "2023.09.30"]
[SourceVersion "1"]
[SourceVersionDate "2023.09.30"]
[SourceQuality "1"]
[WhiteTeam "Karaman Masterler"]
[BlackTeam "Ortaca Belediye"]
[WhiteTeamCountry "TUR"]
[BlackTeamCountry "TUR"]

1. e4 c5 2. Nf3 e6 3. d4 cxd4 4. Nxd4 Nc6 5. Nc3 Qc7 6. g3 a6 7. Bg2 Nf6 8. 0-0 Bb4 9. Re1 d6 10. Nxc6 bxc6 11. e5 dxe5 12. Rxe5 0-0 13. Bf4 Bd6 14. Rc5 Bxf4 15. Rxc6 Qe7 16. Rc4 Bb7 17. Bxb7 Qxb7 18. Rxf4 Qxb2 19. Na4 Qe5 20. Rc1 Rfd8 21. Qf3 Ra7 22. c4 Rc7 23. c5 Nd5 24. Rfc4 h6 25. Qb3 Rc6 26. Qb7 Rdc8 27. Rb1 Qe2 28. Qb3 Nf6 29. Rc2 Qh5 30. Rbc1 Qh3 31. Qf3 e5 32. Nb6 e4 33. Qg2 Qxg2+ 34. Kxg2 Rd8 35. Na4 Rd3 36. Rb1 Ra3 37. Rb6 Rc8 38. Rxa6 Nd5 39. Nb6 Rxa6 40. Nxc8 Nb4 41. Rc4 Nc6 42. a4 f5 43. Nd6 g6 44. Nb5 Kf7 45. Kf1 Kf6 46. Ke2 Ke5 47. Ke3 Ra8 48. Nd4 Kd5 49. Rc1 Nxd4 50. Rd1 Rxa4 51. c6 Ra3+ 52. Kd2 Rd3+ 53. Kc1 Rxd1+ 54. Kxd1 Kxc6 0-1

[Event "TUR-chT 2nd League"]
[Site "Denizli"]
[Date "2023.07.12"]
[Round "6.154"]
[White "Unal, Yusuf Evcim"]
[Black "Demirag, Gokhan"]
[Result "1/2-1/2"]
[WhiteElo "1638"]
[BlackElo "1901"]
[PlyCount "48"]
[EventDate "2023.07.09"]
[EventType "team-swiss"]
[EventRounds "9"]
[EventCountry "TUR"]
[SourceTitle "CBM 215 Extra"]
[Source "ChessBase"]
[SourceDate "2023.09.30"]
[SourceVersion "1"]
[SourceVersionDate "2023.09.30"]
[SourceQuality "1"]
[WhiteTeam "Altin Hamle Corum"]
[BlackTeam "Ortaca Belediye"]
[WhiteTeamCountry "TUR"]
[BlackTeamCountry "TUR"]

1. d4 Nf6 2. Bf4 c5 3. e3 Qb6 4. Nc3 cxd4 5. exd4 a6 6. Rb1 d6 7. h3 e6 8. Nf3 Be7 9. Bd3 0-0 10. 0-0 Nbd7 11. Re1 Re8 12. a3 Qc7 13. Qe2 b5 14. Ne4 Bb7 15. b4 Rac8 16. Nxf6+ Nxf6 17. a4 bxa4 18. Bxa6 Bxa6 19. Qxa6 Nd5 20. Bd2 Ra8 21. Qd3 Rec8 22. c3 Nb6 23. Ra1 Nc4 24. Bg5 Bf8 1/2-1/2

[Event "TUR Cup"]
[Site "Adapazari"]
[Date "2022.03.31"]
[Round "10"]
[White "Ilcin, Murat Veysi"]
[Black "Demirag, Gokhan"]
[Result "0-1"]
[WhiteElo "1588"]
[BlackElo "1927"]
[PlyCount "78"]
[EventDate "2022.03.25"]
[EventType "swiss"]
[EventRounds "11"]
[EventCountry "TUR"]
[SourceTitle "EXT 2023"]
[Source "ChessBase"]
[SourceDate "2022.10.05"]
[SourceVersion "1"]
[SourceVersionDate "2022.10.05"]
[SourceQuality "1"]

1. d4 Nf6 2. c4 e6 3. a3 c5 4. Bg5 cxd4 5. Qxd4 Nc6 6. Qd2 Qc7 7. Bxf6 gxf6 8. Nc3 a6 9. e4 h5 10. Nf3 Bh6 11. Qc2 Rg8 12. g3 b6 13. Bg2 Ne5 14. Nxe5 fxe5 15. b3 h4 16. 0-0 Bb7 17. Qd3 0-0-0 18. Rfd1 Qc6 19. Ra2 f5 20. Rc2 Kb8 21. b4 hxg3 22. hxg3 f4 23. Nb5 fxg3 24. fxg3 Bf8 25. Kf2 Be7 26. Nd6 Rdf8+ 27. Kg1 Bxd6 28. Qxd6+ Qxd6 29. Rxd6 Rxg3 30. Kh2 Rg7 31. a4 Rh8+ 32. Kg1 Bxe4 33. Re2 Rxg2+ 34. Rxg2 Bxg2 35. Kxg2 Kc7 36. Rd3 Rh4 37. Rc3 Rf4 38. Kg3 a5 39. b5 Kd6 0-1

[Event "TUR Cup"]
[Site "Adapazari"]
[Date "2022.03.30"]
[Round "9"]
[White "Demirag, Gokhan"]
[Black "Unsal, Gorkem"]
[Result "1/2-1/2"]
[WhiteElo "1946"]
[BlackElo "1672"]
[PlyCount "65"]
[EventDate "2022.03.25"]
[EventType "swiss"]
[EventRounds "11"]
[EventCountry "TUR"]
[SourceTitle "EXT 2023"]
[Source "ChessBase"]
[SourceDate "2022.10.05"]
[SourceVersion "1"]
[SourceVersionDate "2022.10.05"]
[SourceQuality "1"]

1. Nf3 Nf6 2. c4 e6 3. d4 b6 4. g3 Bb7 5. Bg2 Be7 6. 0-0 0-0 7. Nc3 d5 8. Ne5 Nbd7 9. f4 c5 10. e3 Rc8 11. cxd5 exd5 12. Bd2 Ne4 13. Nxe4 dxe4 14. Bc3 Nf6 15. Qb1 cxd4 16. Bxd4 Bc5 17. Rd1 Qe7 18. b3 Rc7 19. Qb2 Rd8 20. Bxc5 Rxc5 21. Rac1 h5 22. Bf1 Nd5 23. Qe2 h4 24. Rxc5 Qxc5 25. Rd4 hxg3 26. hxg3 Rd6 27. Qc4 Qa5 28. Qc1 Qxa2 29. Rxd5 Rxd5 30. Qc7 Rxe5 31. fxe5 Qxb3 32. Qb8+ Kh7 33. Qxb7 1/2-1/2

[Event "TUR Cup"]
[Site "Adapazari"]
[Date "2022.03.27"]
[Round "4"]
[White "Guven, Oguz Kagan"]
[Black "Demirag, Gokhan"]
[Result "1-0"]
[WhiteElo "2157"]
[BlackElo "1927"]
[PlyCount "37"]
[EventDate "2022.03.25"]
[EventType "swiss"]
[EventRounds "11"]
[EventCountry "TUR"]
[SourceTitle "EXT 2023"]
[Source "ChessBase"]
[SourceDate "2022.10.05"]
[SourceVersion "1"]
[SourceVersionDate "2022.10.05"]
[SourceQuality "1"]

1. Nf3 d5 2. g3 c6 3. Bg2 Bg4 4. 0-0 Nd7 5. c4 e6 6. d3 Bxf3 7. Bxf3 dxc4 8. dxc4 Ne5 9. Qb3 Nxf3+ 10. Qxf3 Qf6 11. Qb3 0-0-0 12. Be3 Kb8 13. Nc3 Qf5 14. Rfd1 Rxd1+ 15. Rxd1 Nf6 16. Rd8+ Kc7 17. Qd1 Rg8 18. Bxa7 Bc5 19. Bb8+ 1-0

[Event "TUR Cup"]
[Site "Adapazari"]
[Date "2022.03.25"]
[Round "1"]
[White "Demirag, Gokhan"]
[Black "Kose, Abbas Halil"]
[Result "1-0"]
[WhiteElo "1927"]
[BlackElo "1299"]
[PlyCount "61"]
[EventDate "2022.03.25"]
[EventType "swiss"]
[EventRounds "11"]
[EventCountry "TUR"]
[SourceTitle "EXT 2023"]
[Source "ChessBase"]
[SourceDate "2022.10.05"]
[SourceVersion "1"]
[SourceVersionDate "2022.10.05"]
[SourceQuality "1"]

1. d4 d5 2. c4 e6 3. Nc3 Nf6 4. cxd5 Nxd5 5. e4 Nxc3 6. bxc3 g6 7. h4 Bg7 8. h5 Nc6 9. h6 Bf6 10. Nf3 b6 11. e5 Be7 12. Bd3 Bb7 13. Qe2 a5 14. a4 Qd5 15. Bc4 Qd7 16. 0-0 Bd8 17. Bb5 Qc8 18. Ba3 Qd7 19. Qc4 Be7 20. Bxe7 Kxe7 21. Qe2 Qd8 22. Qe4 Qd5 23. Qh4+ Ke8 24. Qf6 Rg8 25. Ng5 Qd7 26. d5 Qe7 27. dxc6 Ba6 28. Nxh7 Bxb5 29. axb5 Rd8 30. Rad1 Qxf6 31. Nxf6+ 1-0

[Event "TUR-chT 2nd League"]
[Site "Konya"]
[Date "2019.07.26"]
[Round "7.7"]
[White "Demirag, Gokhan"]
[Black "Yilmaz, Ada"]
[Result "1-0"]
[WhiteElo "1974"]
[BlackElo "1805"]
[PlyCount "74"]
[EventDate "2019.07.22"]
[EventType "team-swiss"]
[EventRounds "9"]
[EventCountry "TUR"]
[SourceTitle "CBM 191 Extra"]
[Source "ChessBase"]
[SourceDate "2019.09.30"]
[SourceVersion "1"]
[SourceVersionDate "2019.09.30"]
[SourceQuality "1"]
[WhiteTeam "Mugla Ortaca Belediye"]
[BlackTeam "Karaman Yunus Ortaokulu"]
[WhiteTeamCountry "TUR"]
[BlackTeamCountry "TUR"]

1. e4 c5 2. Nf3 d6 3. Bb5+ Bd7 4. c4 Nf6 5. Nc3 e6 6. Bxd7+ Qxd7 7. d4 cxd4 8. Nxd4 Be7 9. 0-0 0-0 10. Be3 Nc6 11. f4 Rac8 12. Kh1 a6 13. Nb3 Qc7 14. Rc1 Na5 15. Nd2 Rfd8 16. Qf3 Re8 17. b3 Qb8 18. Bb6 Nc6 19. a4 Nd7 20. Bg1 Nc5 21. Qh3 Nb4 22. Rf3 Bf6 23. e5 Be7 24. Bxc5 dxc5 25. Nde4 Nc6 26. Nf6+ Bxf6 27. exf6 Nd4 28. Rg3 g6 29. Rf1 Qd6 30. Ne4 Qf8 31. Rd3 Red8 32. g4 Nc6 33. Re3 Rd4 34. f5 exf5 35. gxf5 Rcd8 36. fxg6 fxg6 37. Ng5 h5 1-0

[Event "TUR-chT 2nd League"]
[Site "Konya"]
[Date "2019.07.25"]
[Round "5.3"]
[White "Tepe, Efe Can"]
[Black "Demirag, Gokhan"]
[Result "1/2-1/2"]
[WhiteElo "2150"]
[BlackElo "1974"]
[PlyCount "73"]
[EventDate "2019.07.22"]
[EventType "team-swiss"]
[EventRounds "9"]
[EventCountry "TUR"]
[SourceTitle "CBM 191 Extra"]
[Source "ChessBase"]
[SourceDate "2019.09.30"]
[SourceVersion "1"]
[SourceVersionDate "2019.09.30"]
[SourceQuality "1"]
[WhiteTeam "Ego Spor"]
[BlackTeam "Mugla Ortaca Belediye"]
[WhiteTeamCountry "TUR"]
[BlackTeamCountry "TUR"]

1. e4 c5 2. Nf3 d6 3. d4 cxd4 4. Nxd4 Nf6 5. Nc3 a6 6. g3 e5 7. Nde2 Nbd7 8. Bg2 b5 9. 0-0 Bb7 10. Nd5 Nxd5 11. exd5 Be7 12. f4 0-0 13. Kh1 Rc8 14. fxe5 dxe5 15. Nc3 f5 16. d6 Bxg2+ 17. Kxg2 Bg5 18. Qd5+ Kh8 19. Bxg5 Qxg5 20. Qe6 b4 21. Qxd7 bxc3 22. b3 Rcd8 23. Qe6 Qd2+ 24. Rf2 Qxd6 25. Qxd6 Rxd6 26. Re1 Rd5 27. Re3 g5 28. Rxc3 f4 29. gxf4 exf4 30. Kf3 Re5 31. Kg4 Kg7 32. Kh5 Rf6 33. Rc7+ Kg8 34. Rc8+ Kg7 35. Rc7+ Kg8 36. Rc8+ Kg7 37. Rc7+ 1/2-1/2

[Event "Paracin Summer op-A 11th"]
[Site "Paracin"]
[Date "2018.07.11"]
[Round "7"]
[White "Uzumcu, Ahmet Utku"]
[Black "Demirag, Gokhan"]
[Result "1-0"]
[WhiteElo "2261"]
[BlackElo "1855"]
[PlyCount "47"]
[EventDate "2018.07.06"]
[EventType "swiss"]
[EventRounds "9"]
[EventCountry "SRB"]
[SourceTitle "EXT 2019"]
[Source "ChessBase"]
[SourceDate "2018.10.10"]
[SourceVersion "1"]
[SourceVersionDate "2018.10.10"]
[SourceQuality "1"]

1. e4 c5 2. Nf3 d6 3. d4 cxd4 4. Nxd4 Nf6 5. Nc3 a6 6. h3 e6 7. g4 d5 8. exd5 Nxd5 9. Nde2 Bb4 10. Bg2 Nxc3 11. Qxd8+ Kxd8 12. Nxc3 Nc6 13. Be3 Kc7 14. 0-0 Bxc3 15. bxc3 f6 16. Rab1 b5 17. Rfd1 Rb8 18. Bc5 Rd8 19. Rxd8 Nxd8 20. Bf8 e5 21. Bxg7 Rb6 22. g5 Rd6 23. Bxf6 Nf7 24. Be4 1-0

[Event "Paracin Summer op-A 11th"]
[Site "Paracin"]
[Date "2018.07.07"]
[Round "2"]
[White "Yordanov, Lachezar"]
[Black "Demirag, Gokhan"]
[Result "1/2-1/2"]
[WhiteElo "2290"]
[BlackElo "1855"]
[PlyCount "40"]
[EventDate "2018.07.06"]
[EventType "swiss"]
[EventRounds "9"]
[EventCountry "SRB"]
[SourceTitle "CBM 185 Extra"]
[Source "ChessBase"]
[SourceDate "2018.07.29"]
[SourceVersion "1"]
[SourceVersionDate "2018.07.29"]
[SourceQuality "1"]

1. d4 Nf6 2. c4 e6 3. g3 c5 4. d5 d6 5. Nc3 exd5 6. cxd5 g6 7. Bg2 Bg7 8. Nf3 0-0 9. 0-0 a6 10. a4 Nbd7 11. Nd2 Qe7 12. Nc4 Ne5 13. Nb6 Rb8 14. a5 Ned7 15. Nca4 Nxb6 16. Nxb6 Nd7 17. Nc4 Ne5 18. Nb6 Nd7 19. Nc4 Ne5 20. Nb6 Nd7 1/2-1/2

[Event "Silver Lake op-B"]
[Site "Veliko Gradiste"]
[Date "2018.06.22"]
[Round "7"]
[White "Ilic, Aleksandar"]
[Black "Demirag, Gokhan"]
[Result "1-0"]
[WhiteElo "2126"]
[BlackElo "1810"]
[PlyCount "93"]
[EventDate "2018.06.17"]
[EventType "swiss"]
[EventRounds "9"]
[EventCountry "SRB"]
[SourceTitle "EXT 2019"]
[Source "ChessBase"]
[SourceDate "2018.10.10"]
[SourceVersion "1"]
[SourceVersionDate "2018.10.10"]
[SourceQuality "1"]

1. e4 c6 2. Nf3 d5 3. exd5 cxd5 4. Ne5 Nf6 5. d4 Be6 6. Bd3 Nbd7 7. 0-0 g6 8. Qe2 Qb6 9. c3 Bg7 10. Nd2 Nxe5 11. Qxe5 0-0 12. Qe2 Rfe8 13. f4 Bf5 14. Bxf5 gxf5 15. Kh1 Qa6 16. Qe3 Ng4 17. Qf3 Qh6 18. h3 Rad8 19. Qe2 Nf6 20. Kh2 a6 21. Nf3 Ne4 22. Ng5 Nxg5 23. fxg5 Qd6+ 24. Bf4 e5 25. dxe5 Bxe5 26. Qf3 d4 27. cxd4 Qxd4 28. Bxe5 Qxe5+ 29. Qf4 Qxf4+ 30. Rxf4 Re2 31. Rxf5 Rdd2 32. Rg1 Rxb2 33. a4 b5 34. axb5 axb5 35. h4 Kg7 36. Kh3 Re7 37. Rgf1 b4 38. h5 Rc2 39. h6+ Kf8 40. Rb5 Rc4 41. g6 Re3+ 42. g3 hxg6 43. Rb8+ Ke7 44. h7 g5 45. h8Q Rh4+ 46. Qxh4 gxh4 47. Kxh4 1-0

[Event "TUR Cup										"]
[Site "Antalya"]
[Date "2018.02.01"]
[Round "9"]
[White "Demirag, Gokhan"]
[Black "Sayin, Serhat"]
[Result "1-0"]
[WhiteElo "1817"]
[BlackElo "1573"]
[PlyCount "159"]
[EventDate "2018.01.27"]
[EventType "swiss"]
[EventRounds "11"]
[EventCountry "TUR"]
[SourceTitle "CBM 182 Extra"]
[Source "ChessBase"]
[SourceDate "2018.02.23"]
[SourceVersion "1"]
[SourceVersionDate "2018.02.23"]
[SourceQuality "1"]

1. d4 Nf6 2. Nf3 g6 3. Bg5 Bg7 4. Nbd2 d5 5. e3 Nbd7 6. Be2 0-0 7. 0-0 Re8 8. c4 c6 9. Qb3 Qb6 10. Qa3 h6 11. Bh4 e6 12. Rfc1 Bf8 13. c5 Qd8 14. b4 g5 15. Bg3 b6 16. Ne5 Nxe5 17. Bxe5 Nd7 18. Bg3 a5 19. b5 cxb5 20. Bxb5 bxc5 21. dxc5 Ba6 22. Bc6 Nxc5 23. Rc2 Qf6 24. Qc3 Qxc3 25. Rxc3 Bg7 26. Rxc5 Bxa1 27. Bxe8 Rxe8 28. Nb3 Bg7 29. Rxa5 Bc4 30. Nd4 Rc8 31. h4 gxh4 32. Bxh4 Rb8 33. Nc6 Rb1+ 34. Kh2 Ra1 35. Ra8+ Kh7 36. a4 Bc3 37. Ra7 Kg6 38. Bd8 Ra2 39. Kg3 Be1 40. Ne5+ Kh5 41. Rxf7 Rxa4 42. Rf4 Bb5 43. Nd3 Ra1 44. Rh4+ Kg6 45. Nf4+ Kf7 46. Rxh6 Ra2 47. Nh3 Bd3 48. Bh4 Bg6 49. Rh8 Bc3 50. Rc8 d4 51. Ng5+ Ke7 52. Nf3+ Kd7 53. Rd8+ Kc7 54. Nxd4 Be1 55. Nxe6+ Kc6 56. Kf3 Bh5+ 57. g4 Bf7 58. Nd4+ Kc7 59. Rf8 Bd5+ 60. e4 Bc4 61. Nf5 Be2+ 62. Kf4 Bc4 63. Ke3 Bc3 64. Bg3+ Kd7 65. g5 Re2+ 66. Kf3 Bd3 67. Ne3 Re1 68. g6 Be2+ 69. Kg2 Bh5 70. Nd5 Bxg6 71. Nxc3 Rc1 72. Be5 Ke6 73. Bd4 Ke7 74. Rb8 Re1 75. f3 Bh5 76. Rb7+ Ke8 77. Nd5 Re2+ 78. Kg3 Bg6 79. Nf6+ Kd8 80. Rg7 1-0

[Event "TUR Cup										"]
[Site "Antalya"]
[Date "2018.02.01"]
[Round "8"]
[White "Goktas, Fahreddin"]
[Black "Demirag, Gokhan"]
[Result "1/2-1/2"]
[WhiteElo "1703"]
[BlackElo "1817"]
[PlyCount "94"]
[EventDate "2018.01.27"]
[EventType "swiss"]
[EventRounds "11"]
[EventCountry "TUR"]
[SourceTitle "CBM 182 Extra"]
[Source "ChessBase"]
[SourceDate "2018.02.23"]
[SourceVersion "1"]
[SourceVersionDate "2018.02.23"]
[SourceQuality "1"]

1. e4 c5 2. Nf3 e6 3. Nc3 a6 4. d4 cxd4 5. Nxd4 Qc7 6. Be3 Bb4 7. Bd2 Nf6 8. Bd3 Nc6 9. Nxc6 dxc6 10. Ne2 Bxd2+ 11. Qxd2 e5 12. 0-0-0 Be6 13. Kb1 b5 14. f4 Rd8 15. f5 Bc8 16. Qe3 c5 17. c3 Bb7 18. Bc2 0-0 19. h3 c4 20. g4 Rxd1+ 21. Rxd1 Rd8 22. Re1 Nd7 23. Rf1 Qc5 24. Qd2 Qe7 25. Rd1 Kf8 26. Ng3 Ke8 27. Kc1 Nc5 28. Qxd8+ Qxd8 29. Rxd8+ Kxd8 30. Kd2 Ke7 31. h4 a5 32. a3 Bc6 33. Ke3 h6 34. g5 hxg5 35. hxg5 g6 36. Nf1 Nb7 37. Nh2 Nc5 38. Ng4 Nd7 39. Bd1 Kd6 40. Bc2 Ke7 41. Bd1 Kf8 42. Bc2 Bb7 43. Bd1 Kg7 44. Bc2 Ba8 45. Bd1 Kf8 46. Bc2 Ke7 47. Bd1 Kf8 1/2-1/2

[Event "TUR Cup										"]
[Site "Antalya"]
[Date "2018.01.30"]
[Round "6"]
[White "Nazli, Sertan"]
[Black "Demirag, Gokhan"]
[Result "1-0"]
[WhiteElo "1672"]
[BlackElo "1817"]
[PlyCount "63"]
[EventDate "2018.01.27"]
[EventType "swiss"]
[EventRounds "11"]
[EventCountry "TUR"]
[SourceTitle "CBM 182 Extra"]
[Source "ChessBase"]
[SourceDate "2018.02.23"]
[SourceVersion "1"]
[SourceVersionDate "2018.02.23"]
[SourceQuality "1"]

1. e4 c5 2. d4 cxd4 3. c3 Nf6 4. e5 Nd5 5. Qxd4 e6 6. Nf3 Nc6 7. Qe4 f5 8. Qe2 d6 9. exd6 Bxd6 10. g3 0-0 11. Bg2 Bd7 12. 0-0 Qc7 13. Nd4 Nxd4 14. cxd4 Rae8 15. Bd2 Qb6 16. Nc3 Nxc3 17. bxc3 Bc6 18. Rab1 Qc7 19. c4 Bxg2 20. Kxg2 Qc6+ 21. Qf3 Rb8 22. Rfc1 Qa6 23. c5 Be7 24. Bf4 Rbe8 25. Rxb7 Qxa2 26. Bd6 Bxd6 27. cxd6 Qd2 28. Rcc7 Qxd4 29. Qe3 Qd5+ 30. Kh3 Rf6 31. Rxg7+ Kf8 32. Rxh7 1-0

[Event "Manavgat Turkey Cup"]
[Site "Manavgat"]
[Date "2016.02.05"]
[Round "10"]
[White "Demirag, Gokhan"]
[Black "Erdogan, Anil Berk"]
[Result "1-0"]
[WhiteElo "1797"]
[BlackElo "2005"]
[PlyCount "91"]
[EventDate "2016.01.30"]
[EventType "swiss"]
[EventRounds "11"]
[EventCountry "TUR"]
[SourceTitle "CBM 170 Extra"]
[Source "ChessBase"]
[SourceDate "2016.02.25"]
[SourceVersion "1"]
[SourceVersionDate "2016.02.25"]
[SourceQuality "1"]

1. d4 e6 2. Nf3 Nf6 3. Bg5 d5 4. e3 Be7 5. Bd3 c5 6. c3 Nc6 7. Nbd2 cxd4 8. exd4 h6 9. Bh4 0-0 10. 0-0 a6 11. a4 Nh5 12. Bxe7 Qxe7 13. Re1 Nf6 14. b4 b6 15. Nb3 a5 16. b5 Nb8 17. Ne5 Bb7 18. Nd2 Nbd7 19. Re3 Nxe5 20. dxe5 Nd7 21. Nf3 f6 22. exf6 Qxf6 23. Qe2 Rae8 24. Ne5 Nxe5 25. Rxe5 Re7 26. Re1 Rfe8 27. Qe3 Rc8 28. Qxb6 Rxc3 29. Qd8+ Kf7 30. R5e3 d4 31. Rg3 Rec7 32. Bg6+ Qxg6 33. Rxg6 Kxg6 34. Qxd4 Bd5 35. h3 R7c4 36. Qd2 Rb3 37. Qxa5 Rbb4 38. Ra1 Rb2 39. Qa7 Rcc2 40. Qb6 Rb4 41. Re1 Rxa4 42. Rxe6+ Kh7 43. Re7 Re4 44. Ra7 Re1+ 45. Kh2 Re4 46. Qf6 1-0

[Event "Manavgat Turkey Cup"]
[Site "Manavgat"]
[Date "2016.02.04"]
[Round "8"]
[White "Demirag, Gokhan"]
[Black "Gazioglu, Halit"]
[Result "0-1"]
[WhiteElo "1797"]
[BlackElo "1898"]
[PlyCount "76"]
[EventDate "2016.01.30"]
[EventType "swiss"]
[EventRounds "11"]
[EventCountry "TUR"]
[SourceTitle "CBM 170 Extra"]
[Source "ChessBase"]
[SourceDate "2016.02.25"]
[SourceVersion "1"]
[SourceVersionDate "2016.02.25"]
[SourceQuality "1"]

1. c4 Nf6 2. Nc3 g6 3. g3 Bg7 4. e4 d6 5. Bg2 0-0 6. Nge2 Be6 7. d3 Nc6 8. h3 a6 9. 0-0 Rb8 10. f4 Bd7 11. d4 e5 12. fxe5 dxe5 13. d5 Na5 14. b3 b5 15. cxb5 axb5 16. Bg5 h6 17. Be3 b4 18. Nb1 Bb5 19. Nd2 Nh5 20. Kh2 f5 21. Bc5 Rf7 22. exf5 gxf5 23. Rc1 e4 24. Nc4 Bxc4 25. bxc4 b3 26. axb3 Nxb3 27. Nd4 Qg5 28. Nxb3 Qxg3+ 29. Kh1 Be5 30. Bg1 Rg7 31. Rc2 Qxb3 32. Qxh5 Qxc2 33. Rf2 Qxf2 34. Bxf2 Rb1+ 35. Bg1 Bd4 36. Qe8+ Kh7 37. Bxe4 Rgxg1+ 38. Kh2 Rb2+ 0-1

[Event "Manavgat Turkey Cup"]
[Site "Manavgat"]
[Date "2016.02.04"]
[Round "9"]
[White "Yucesoy, Atil"]
[Black "Demirag, Gokhan"]
[Result "0-1"]
[WhiteElo "1488"]
[BlackElo "1797"]
[PlyCount "110"]
[EventDate "2016.01.30"]
[EventType "swiss"]
[EventRounds "11"]
[EventCountry "TUR"]
[SourceTitle "CBM 170 Extra"]
[Source "ChessBase"]
[SourceDate "2016.02.25"]
[SourceVersion "1"]
[SourceVersionDate "2016.02.25"]
[SourceQuality "1"]

1. d4 f5 2. c4 Nf6 3. g3 g6 4. Bg2 Bg7 5. Nf3 0-0 6. 0-0 d6 7. Nc3 c6 8. Qc2 Qe8 9. d5 e5 10. dxe6 Bxe6 11. b3 Ne4 12. Bb2 Na6 13. Nxe4 fxe4 14. Ng5 d5 15. Bxg7 Kxg7 16. cxd5 cxd5 17. Qc3+ Kg8 18. Qe5 Bf7 19. Nxf7 Qxf7 20. Bh3 Rfe8 21. Qd4 Nc7 22. Rac1 Nb5 23. Qc5 a6 24. a4 Na7 25. Rfd1 Red8 26. Rd2 Nc6 27. Rcd1 d4 28. Qc4 Qxc4 29. bxc4 e3 30. fxe3 dxe3 31. Rxd8+ Rxd8 32. Rxd8+ Nxd8 33. Bc8 Kf7 34. Kg2 Ke7 35. Kf3 Kd6 36. Kxe3 Kc5 37. Kd3 a5 38. Kc3 b6 39. Bd7 Nf7 40. Bc8 Ne5 41. h3 h6 42. h4 g5 43. Ba6 gxh4 44. gxh4 Ng6 45. h5 Nf4 46. e4 Nxh5 47. Kd3 Nf4+ 48. Ke3 Ng6 49. Bb5 Ne5 50. Kf4 Kd4 51. Kf5 h5 52. Kg5 Kxe4 53. Kxh5 Kd4 54. Kg5 Nxc4 55. Kf4 Nb2 0-1

[Event "Manavgat Turkey Cup"]
[Site "Manavgat"]
[Date "2016.02.03"]
[Round "7"]
[White "Bircan, Selim"]
[Black "Demirag, Gokhan"]
[Result "1-0"]
[WhiteElo "1968"]
[BlackElo "1797"]
[PlyCount "113"]
[EventDate "2016.01.30"]
[EventType "swiss"]
[EventRounds "11"]
[EventCountry "TUR"]
[SourceTitle "CBM 170 Extra"]
[Source "ChessBase"]
[SourceDate "2016.02.25"]
[SourceVersion "1"]
[SourceVersionDate "2016.02.25"]
[SourceQuality "1"]

1. e4 c5 2. Nf3 e6 3. d4 cxd4 4. Nxd4 a6 5. Bd3 Nf6 6. 0-0 Qc7 7. Kh1 Bc5 8. Nb3 Be7 9. Nc3 d6 10. f4 Nbd7 11. a4 b6 12. Nd4 Bb7 13. f5 e5 14. Nde2 0-0 15. Ng3 Nc5 16. Nh5 Nxd3 17. cxd3 Rfd8 18. Nxf6+ Bxf6 19. Qf3 Bc6 20. Be3 Qb7 21. Nd5 Bxd5 22. exd5 b5 23. a5 Rdc8 24. Rac1 Rxc1 25. Rxc1 Rc8 26. Rc6 Rd8 27. b4 h6 28. Qf1 Qa8 29. Qc1 Kh7 30. Kg1 Qb7 31. Qc2 Rd7 32. Qc1 Rd8 33. Kf2 Qd7 34. g4 Bh4+ 35. Kf3 Ra8 36. Rc7 Qe8 37. Ke4 Bd8 38. Rb7 Bf6 39. Qc6 Qf8 40. Rc7 Kg8 41. Rd7 Bh4 42. Bd2 Qc8 43. Rxd6 Qf8 44. Rd7 Bg5 45. Bxg5 Qxb4+ 46. Kf3 e4+ 47. dxe4 Re8 48. Re7 Qa3+ 49. Ke2 Rxe7 50. Bxe7 Qxe7 51. d6 Qe5 52. d7 Qxh2+ 53. Kd3 Qg3+ 54. Kd4 Qf2+ 55. Kd3 Kh7 56. Qc3 b4 57. Qxb4 1-0

[Event "Manavgat Turkey Cup"]
[Site "Manavgat"]
[Date "2016.02.01"]
[Round "4"]
[White "Demirag, Gokhan"]
[Black "Karaoglan, Kivanc"]
[Result "0-1"]
[WhiteElo "1797"]
[BlackElo "1982"]
[PlyCount "116"]
[EventDate "2016.01.30"]
[EventType "swiss"]
[EventRounds "11"]
[EventCountry "TUR"]
[SourceTitle "CBM 170 Extra"]
[Source "ChessBase"]
[SourceDate "2016.02.25"]
[SourceVersion "1"]
[SourceVersionDate "2016.02.25"]
[SourceQuality "1"]

1. d4 d6 2. Nf3 Nf6 3. Bf4 g6 4. e3 Bg7 5. Be2 Nh5 6. Bg5 0-0 7. 0-0 h6 8. Bh4 g5 9. Nfd2 Nf6 10. Bg3 c5 11. c4 cxd4 12. exd4 Qb6 13. Nb3 Ne4 14. Nc3 Nxg3 15. hxg3 Nc6 16. Nd5 Qd8 17. Qd2 e6 18. Nc3 Qe7 19. Rfe1 b6 20. Bf3 Bb7 21. Bxc6 Bxc6 22. d5 Bb7 23. Nd4 Bxd4 24. Qxd4 e5 25. Qd1 f5 26. b3 Qf6 27. Rc1 Rac8 28. Qh5 Kg7 29. g4 Rcd8 30. gxf5 Qxf5 31. Ne4 Qg6 32. Qe2 Bc8 33. b4 Bf5 34. Ng3 Bd3 35. Qb2 h5 36. c5 h4 37. Nf1 Bxf1 38. Rxf1 dxc5 39. Qxe5+ Qf6 40. Qe4 Rfe8 41. Qc4 Rc8 42. Qg4 Kg6 43. Rfe1 Rcd8 44. bxc5 bxc5 45. Re6 Rxe6 46. dxe6 Qe5 47. Kf1 Rf8 48. Re1 Qf5 49. Qe2 h3 50. gxh3 Qxh3+ 51. Kg1 Rf4 52. Qc2+ Kh6 53. Re3 Rg4+ 54. Rg3 Rxg3+ 55. fxg3 Qxg3+ 56. Kh1 Qh3+ 57. Kg1 Qxe6 58. Qxc5 Qb6 0-1

[Event "Manavgat Turkey Cup"]
[Site "Manavgat"]
[Date "2016.01.30"]
[Round "1"]
[White "Alyyev, Tamer"]
[Black "Demirag, Gokhan"]
[Result "0-1"]
[WhiteElo "1298"]
[BlackElo "1797"]
[PlyCount "40"]
[EventDate "2016.01.30"]
[EventType "swiss"]
[EventRounds "11"]
[EventCountry "TUR"]
[SourceTitle "CBM 170 Extra"]
[Source "ChessBase"]
[SourceDate "2016.02.25"]
[SourceVersion "1"]
[SourceVersionDate "2016.02.25"]
[SourceQuality "1"]

1. Nf3 c5 2. c4 Nc6 3. g3 e5 4. d3 g6 5. Bg2 Bg7 6. 0-0 Nge7 7. Nc3 0-0 8. Nd2 d6 9. Nde4 f5 10. Nd2 g5 11. Nd5 Be6 12. Nxe7+ Qxe7 13. Nf3 h6 14. Rb1 Kh8 15. e4 f4 16. h4 g4 17. Nh2 h5 18. gxf4 exf4 19. e5 Nxe5 20. Bxb7 Qxb7 0-1

[Event "Kemer Turkey Cup"]
[Site "Kemer"]
[Date "2014.02.05"]
[Round "6"]
[White "Demirag, Gokhan"]
[Black "Yaver, Faik Emre"]
[Result "0-1"]
[WhiteElo "1784"]
[BlackElo "1876"]
[PlyCount "62"]
[EventDate "2014.02.01"]
[EventType "swiss"]
[EventRounds "9"]
[EventCountry "TUR"]
[SourceTitle "CBM 158 Extra"]
[Source "ChessBase"]
[SourceDate "2014.02.28"]
[SourceVersion "1"]
[SourceVersionDate "2014.02.28"]
[SourceQuality "1"]

1. d4 d5 2. c4 c6 3. Nf3 Nf6 4. e3 e6 5. Nc3 Nbd7 6. Bd3 Bd6 7. 0-0 0-0 8. cxd5 exd5 9. Qc2 Re8 10. Rb1 Qe7 11. Bd2 Nf8 12. Rfc1 Ne4 13. Be1 Ng6 14. b4 a6 15. a4 Bg4 16. Be2 f5 17. b5 axb5 18. axb5 Ba3 19. Rd1 f4 20. Rb3 Bd6 21. bxc6 bxc6 22. Nxe4 dxe4 23. Ne5 Bxe2 24. Nxg6 Qe6 25. Qxe2 Qxb3 26. Nxf4 Bxf4 27. exf4 e3 28. fxe3 Rxe3 29. Qg4 Rae8 30. Bf2 Re2 31. Rf1 Rxf2 0-1